000 00737nam a2200205Ia 4500
999 _c48994
_d48994
001 15899
003 GE_BSU
005 20200228111158.0
008 181216s1951 xx |||||||||||||| ||geo||
040 _cGE_BSU
041 _ageo
080 _a821.353.1-32 ჭ-15
100 _aჭავჭავაძე, ი. (ილია, 1837-1907)
_97595
245 _aოთარაანთ ქვრივი :
_bმოთხრობა /
_cი. ჭავჭავაძე.
264 _aთბილისი :
_bსახელგამი,
_c1951.
300 _a76 გვ. ;
_c20 სმ.
653 _aოთარაანთ ქვრივი
653 _aქართული ლიტერატურა
942 _cBK
_2udc